|
|
|
|
| LEADER |
00990nam a2200277 a 4500 |
| 001 |
c000185008 |
| 003 |
CARM |
| 005 |
20050815135136.0 |
| 008 |
720209s1972 nyua 001 0 eng |
| 010 |
|
|
|a 74170683 //r86
|
| 019 |
1 |
|
|a 331768
|z 23847966
|5 LACONCORD2021
|
| 020 |
|
|
|a 047165695X
|
| 035 |
|
|
|a (OCoLC)247182
|5 LACONCORD2021
|
| 040 |
|
|
|a LC
|b eng
|c LC
|d VIT
|
| 050 |
0 |
0 |
|a HF5548.2
|b .O687
|
| 082 |
0 |
4 |
|a 658/.05
|2 18
|
| 100 |
1 |
|
|a Orilia, Lawrence.
|
| 245 |
1 |
0 |
|a Business data processing systems /
|c [by] Lawrence Orilia, Nancy B. Stern, and Robert A. Stern.
|
| 260 |
|
|
|a New York :
|b Wiley,
|c [1972].
|
| 300 |
|
|
|a x, 310 p. :
|b ill. ;
|c 26 cm.
|
| 650 |
|
0 |
|a Business
|x Data processing.
|
| 700 |
1 |
|
|a Stern, Robert A.
|
| 700 |
1 |
|
|a Stern, Nancy B.
|
| 852 |
8 |
|
|b CARM
|h A2:AP02D0
|i C07150
|p 0257704
|f BK
|
| 999 |
f |
f |
|i bd5e864a-2a20-5b96-9d15-4aa310c742ee
|s 7d046239-aabe-58a2-8efa-63b473b5073a
|
| 952 |
f |
f |
|p Can circulate
|a CAVAL
|b CAVAL
|c CAVAL
|d CARM 1 Store
|e C07150
|f A2:AP02D0
|h Other scheme
|i book
|m 0257704
|